000 00860nam a2200193 i 4500
001 190200
003 ES-MaACL
005 20250821092338.0
008 200914s1958 sp |||| | spa d
245 0 0 _aDiscursos leídos ante la Real Academia de Bellas Artes de San Fernando, en la recepción pública de... Ramón Stolz Viciano ;[contestación de... Enrique Lafuente Ferrari] :
_btema: sobre el oficio de pintor y la pintura al fresco.
260 _aMadrid :
_bReal Academia de Bellas Artes de San Fernando,
_c1958.
300 _a95 p., 2 lám. :
_bil. ;
_c24 cm.
650 7 _aPintura mural
_2embne
_9170313
700 1 _aStolz Viciano, Ramón.
_9108299
700 1 _aLafuente Ferrari, Enrique,
_d1898-1985
_969538
710 2 _aReal Academia de Bellas Artes de San Fernando.
_96291
852 _aES-MaACL
_jF-M-III-N
999 _c190200
_d190200